Dragon!
| Main Author: | |
|---|---|
| Format: | Book |
| Published: |
Oxford :
Oxford University Press ,
1996
|
| Subjects: |
MARC
| LEADER | 00000cam a2200000 7i4500 | ||
|---|---|---|---|
| 001 | 0000022256 | ||
| 002 | 000024107 | ||
| 005 | 20000330.0 | ||
| 090 | 0 | 0 | |a 420 |b DRA |
| 100 | 1 | |a Foster, John | |
| 245 | 1 | 0 | |a Dragon! |c John Foster |
| 260 | |a Oxford : |b Oxford University Press , |c 1996 | ||
| 300 | |a 1 sound disc(20min) : |b digital ; |c 12cm. | ||
| 650 | 0 | 0 | |a Children's stories, English(sound disc) |
| 650 | 0 | 0 | |a English language(sound disc) |
| 999 | |a CDR00567 |b CD-ROM |c JUNIOR REFERENCE |e PERPUSTAKAAN KOMUNITI PETALING JAYA | ||